| 000 | 00546nam a22001937a 4500 | ||
|---|---|---|---|
| 001 | 00028323 | ||
| 005 | 20260225173405.0 | ||
| 008 | 260225b ag ||||| |||| 00| 0 spa d | ||
| 020 | _a9506861412 | ||
| 040 |
_bspa _cAR-CcCEOS |
||
| 080 | _a929:37(82) | ||
| 090 | _bTRO | ||
| 100 |
_aAmalia Celia Troncoso de Scatena _9631 |
||
| 245 |
_aEvocaciones de una maestra entrerriana / _cAmalia Celia Troncoso de Scatena |
||
| 260 |
_aArgentina : _bEntre Rios, _c2003. |
||
| 300 |
_a133 p. ; _c19x13 cm. |
||
| 650 | 0 | _aevocaciones | |
| 942 |
_2udc _cBK |
||
| 999 |
_c28341 _d28341 |
||
| 945 |
_a66467 _bMelina Rolando _c66467 _dMelina Rolando |
||